East European Countries in Order of Size - Statistics

General Stats
  • This quiz has been taken 32 times
  • The average score is 6 of 13
Answer Stats
Country Country .... Word Bank Word Bank % Correct
1 Russia . Belarus
100%
2 Ukraine Czech Republic
100%
3 Sweden Estonia
92%
4 Finland Finland
81%
5 Poland Hungary
65%
6 Belarus Latvia
54%
7 Hungary Lithuania
42%
8 Czech Republic Moldova
38%
10 Latvia Russia
19%
9 Lithuania Poland
19%
11 Estonia Slovakia
12%
13 Moldova Ukraine
12%
12 Slovakia Sweden
12%
No matching quizzes found
Score Distribution
Percent of People with Each Score
Percentile by Number Answered
Your Score History
You have not taken this quiz